|
|
|
|
| LEADER |
00000nam2a2200000 4500 |
| 001 |
270732 |
| 005 |
20231101234354.0 |
| 035 |
|
|
|a (RuTPU)RU\TPU\book\293913
|
| 035 |
|
|
|a RU\TPU\book\100824
|
| 090 |
|
|
|a 270732
|
| 100 |
|
|
|a 20141001d1969 km y0rusy50 ca
|
| 101 |
0 |
|
|a rus
|
| 102 |
|
|
|a RU
|
| 105 |
|
|
|a y g 001zy
|
| 200 |
0 |
|
|a Дополнительный том
|
| 210 |
|
|
|d 1969
|
| 215 |
|
|
|a 533 с.
|
| 320 |
|
|
|a Библиография в конце глав.
|
| 320 |
|
|
|a Указатели: с. 507-523.
|
| 330 |
|
|
|a Настоящий том является дополнением к вышедшему в 1965 г. пятому (стереотипному) изданию двухтомника «Вредные вещества в промышленности». Дополнительный том содержит описание физических, химических и токсических свойств более чем 500 органических и элементорганических соединений, не вошедших в предыдущие издания. Справочник предназначен для широкого круга работников промышленности — химиков всех специальностей, инженеров и техников различных профилей, ответственных за технику безопасности, санитарных и технических инспекторов, врачей, обслуживающих промышленные предприятия, а также для сотрудников научно-исследовательских и проектных институтов, разрабатывающих новые технологические процессы.
|
| 461 |
|
1 |
|0 (RuTPU)RU\TPU\book\88795
|t Вредные вещества в промышленности
|o справочник для химиков, инженеров и врачей
|o в 2 ч.
|f под ред. Н. В. Лазарева
|v Дополнительный том
|e 5-е изд., стер.
|d 1965
|
| 606 |
1 |
|
|a Вредные вещества в промышленности
|2 stltpush
|3 (RuTPU)RU\TPU\subj\67688
|9 83397
|
| 610 |
1 |
|
|a органические соединения
|
| 610 |
1 |
|
|a углеводороды
|
| 610 |
1 |
|
|a галогенпроизводные углеводороды
|
| 610 |
1 |
|
|a спирты
|
| 610 |
1 |
|
|a фенолы
|
| 610 |
1 |
|
|a простые эфиры
|
| 610 |
1 |
|
|a окиси
|
| 610 |
1 |
|
|a перекиси
|
| 610 |
1 |
|
|a тиоспирты
|
| 610 |
1 |
|
|a альдегиды
|
| 610 |
1 |
|
|a кетоны
|
| 610 |
1 |
|
|a органические кислоты
|
| 610 |
1 |
|
|a производные
|
| 610 |
1 |
|
|a сложные эфиры
|
| 610 |
1 |
|
|a аминосоединения
|
| 610 |
1 |
|
|a аминосоединения
|
| 610 |
1 |
|
|a изоцианаты
|
| 610 |
1 |
|
|a диазосоединения
|
| 610 |
1 |
|
|a хиноны
|
| 610 |
1 |
|
|a органические красители
|
| 610 |
1 |
|
|a гетероциклические соединения
|
| 610 |
1 |
|
|a смолы
|
| 610 |
1 |
|
|a волокна
|
| 610 |
1 |
|
|a пластмассы
|
| 610 |
1 |
|
|a вредные вещества
|
| 610 |
1 |
|
|a элементоорганические соединения
|
| 610 |
1 |
|
|a справочники
|
| 675 |
|
|
|a 613.63(035)
|v 3
|
| 801 |
|
1 |
|a RU
|b 63413507
|c 20060407
|g PSBO
|
| 801 |
|
2 |
|a RU
|b 63413507
|c 20220422
|g PSBO
|
| 942 |
|
|
|c BK
|